Statistiken für Bis 60 zählen in 30 Sekunden

Klicken Sie hier um das Quiz zu spielen!

Allgemein

  • Dieses Quiz wurde 3.165 mal gespielt
  • Das Durchschnittsergebnis liegt bei 41 aus 60

Antwortstatistiken

Antwort% Korrekt
1
100%
2
99%
3
99%
4
98%
5
98%
6
98%
7
98%
8
97%
9
97%
10
94%
12
94%
11
93%
13
93%
14
93%
15
93%
16
92%
17
92%
18
91%
19
90%
20
90%
21
89%
23
87%
22
86%
24
85%
25
85%
26
84%
27
83%
28
83%
29
82%
30
78%
31
78%
32
76%
34
72%
33
71%
35
70%
36
67%
37
66%
38
65%
39
64%
40
57%
41
55%
42
53%
43
50%
44
45%
45
44%
46
41%
47
39%
48
38%
49
37%
50
32%
51
29%
52
27%
53
25%
55
24%
54
23%
56
20%
57
17%
58
16%
60
16%
59
15%

Verteilung der Resultate

Perzentil nach korrekt beantworteten Fragen

Anzahl Personen mit jedem Resultat

Ihre Resultats-Entwicklung

Sie haben dieses Quiz noch nicht gespielt